Harry Styles - Paint By Numbers - All lyrics - Statistics

General Stats
  • This quiz has been taken 28 times
  • The average score is 95 of 128
Answer Stats
Answer % Correct
the
100%
a
94%
A
94%
by
94%
it
94%
numbers
94%
paint
94%
to
94%
you
94%
colours
88%
I'm
88%
it's
88%
It’s
88%
It's
88%
learnin'
88%
learnin’
88%
life
88%
me
88%
not
88%
of
88%
in
82%
is
82%
lifetime
82%
watch
82%
what
82%
an
76%
And
76%
and
76%
be
76%
do
76%
even
76%
nothin’
76%
run
76%
them
76%
thirty-three?
76%
watchin'
76%
When
76%
when
76%
with
76%
American
71%
But
71%
Oh,
71%
oh,
71%
told
71%
water
71%
your
71%
you're
71%
You're
71%
children
65%
gift
65%
guns,
65%
her
65%
Kids
65%
noticed
65%
Was
65%
one
59%
tragedy
59%
hearts
53%
irony
53%
little
53%
or
53%
other
53%
they
53%
believe
47%
bit
47%
break
47%
from
47%
got
47%
if
47%
image
47%
luckiest,
47%
pickin’
47%
self-compassion
47%
stuck
47%
whose
47%
wonder
47%
You've
47%
complicated
41%
head,
41%
means
41%
now
41%
put
41%
reason
41%
there's
41%
weight
35%
within
35%
Holdin'
29%
No matching quizzes found
Score Distribution
Percent of People with Each Score
Percentile by Number Answered
Your Score History
You have not taken this quiz